000
00312nam a2200121Ia 4500
008
190722s9999 xx 000 0 und d
020
_a
978-81-203-4819-6
100
_a
Purba Halady Rao
245
0
_a
Business Analytics an applications focus
260
_a
Delhi
_b
PHI Learning
_c
2014
300
_a
238
942
_c
BK
999
_c
848
_d
848